Click the Linkin Park Song Title Ending - Statistics

General Stats
  • This quiz has been taken 271 times
  • The average score is 18 of 20
Answer Stats
Hint Answer % Correct
Somewhere I Belong
97%
In the End
97%
One Step Closer
95%
What I've Done
95%
Bleed It Out
95%
A Place for My Head
94%
Burn It Down
93%
Breaking the Habit
93%
Given Up
91%
Points of Authority
89%
A Light That Never Comes
89%
The Emptiness Machine
89%
Heavy Is the Crown
88%
Wretches And Kings
88%
Roads Untraveled
88%
Castle of Glass
87%
Shadow of the Day
84%
Lost in the Echo
81%
One More Light
81%
The Catalyst
75%
No matching quizzes found
Score Distribution
Percent of People with Each Score
Percentile by Number Answered
Your Score History
You have not taken this quiz